Nevyužitý potenciál z hlubin planety
Ako sľubný a všestranný obnoviteľný zdroj energie s obrovským nevyužitým potenciálom pre výrobu elektriny, kúrenie a chladenie označuje geotermálnu energiu štúdia Medzinárodnej agentúry pre energiu (IEA) z decembra minulého roka. Geotermálna energia hrá doposiaľ len malú úlohu v celosvetovom energet...
Salvato in:
| Autore principale: | |
|---|---|
| Natura: | Capitolo di libro |
| Lingua: | ceco |
| Soggetti: | |
| Tags: |
Nessun Tag, puoi essere il primo ad aggiungerne!!
|
MARC
| LEADER | 00000naa a2200000 4500 | ||
|---|---|---|---|
| 001 | 0312049 | ||
| 005 | 20250903133532.5 | ||
| 041 | 0 | |a cze | |
| 044 | |a CZ | ||
| 245 | 1 | 0 | |a Nevyužitý potenciál z hlubin planety |c Kateřina Táborská |
| 520 | |a Ako sľubný a všestranný obnoviteľný zdroj energie s obrovským nevyužitým potenciálom pre výrobu elektriny, kúrenie a chladenie označuje geotermálnu energiu štúdia Medzinárodnej agentúry pre energiu (IEA) z decembra minulého roka. Geotermálna energia hrá doposiaľ len malú úlohu v celosvetovom energetickom mixe, ale nové technológie sľubujú podľa agentúry umožniť prístup k skôr nevyužiteľným zdrojom vo väčších hĺbkach. Podľa domácej štúdie je geotermálna energia vhodná i v podmienkach Českej republiky, rozsiahlejšie skúsenosti ale zatiaľ chýbajú. | ||
| 610 | 2 | 0 | |a energetika |
| 610 | 2 | 0 | |a energia geotermálna |
| 610 | 2 | 0 | |a zdroje energie obnoviteľné |
| 610 | 2 | 0 | |a Česko |
| 100 | 1 | |a Táborská, Kateřina | |